Zmeny stratégie počas vývoja podnikateľských modelov startupov

Výsledky skúmania podnikateľských modelov a stratégií startupov získané na pravidelných osobných stretnutiach so zakladateľmi startupov. Strategické pozície a ich zmeny počas vývoja podnikateľského modelu startupov.

Saved in:
Bibliographic Details
Main Author: Zagoršek, Branislav, 1984-
Format: Book Chapter
Language:Slovak
Subjects:
Tags: Add Tag
No Tags, Be the first to tag this record!

MARC

LEADER 00000naa$a2200000$$$4500
001 0238289
005 20240502073845.1
041 0 |a slo 
044 |a SK 
245 1 0 |a Zmeny stratégie počas vývoja podnikateľských modelov startupov  |c Branislav Zagoršek 
520 |a Výsledky skúmania podnikateľských modelov a stratégií startupov získané na pravidelných osobných stretnutiach so zakladateľmi startupov. Strategické pozície a ich zmeny počas vývoja podnikateľského modelu startupov. 
610 2 0 |a start-up 
610 2 0 |a podnikanie 
610 2 0 |a modely podnikateľské 
610 2 0 |a riadenie strategické 
610 2 0 |a výskum 
100 1 |a Zagoršek, Branislav, 1984-